| 000 | 01191nam a2200373 i 4500 | ||
|---|---|---|---|
| 001 | 45934 | ||
| 003 | ES-MaCES | ||
| 005 | 20150602141035.0 | ||
| 008 | 150602s2014 sp | 000 | spa d | ||
| 017 |
_aM 33156-2014 _bDL |
||
| 020 | _a9788446041559 | ||
| 040 |
_aES-MaCES _bspa _cES-MaCES |
||
| 100 | 1 |
_919913 _aOliva, Juan |
|
| 245 | 1 | 1 |
_a¿Qué hacemos por la sanidad pública? _cJuan Oliva, Juan Luis Ruiz-Giménez y Javier Segura del Pozo |
| 260 |
_aTres Cantos (Madrid] _bAkal _c[2014] |
||
| 300 |
_a84 p. _c22 cm |
||
| 490 | 1 |
_aQué hacemos _v22 |
|
| 541 | _cCompra | ||
| 650 | 4 |
_aasistencia médica _930272 |
|
| 650 | 4 |
_aservicio de salud _927058 |
|
| 650 | 4 |
_acrisis económica _927102 |
|
| 650 | 4 |
_adesigualdad económica _929371 |
|
| 650 | 4 |
_adesigualdad social _930789 |
|
| 650 | 4 |
_areforma sanitaria _930826 |
|
| 650 | 4 |
_aderechos económicos y sociales _929875 |
|
| 650 | 4 |
_aEspaña _926964 |
|
| 650 | 4 |
_arepertorio de recomendaciones prácticas _929261 |
|
| 653 | 1 | 0 | _aSalud |
| 700 | 1 |
_935743 _aRuiz-Giménez, Juan Luis |
|
| 700 | 1 |
_935399 _aSegura del Pozo, Javier |
|
| 830 | 0 |
_934874 _aQué hacemos _v22 |
|
| 902 | _aLIB Libro | ||
| 942 |
_2CES _cBK _h3.1. |
||
| 999 |
_c45934 _d45934 |
||